Socialistické zemědělství časopis pro šíření vědeckých poznatků do zemědělské praxe

Gespeichert in:
Bibliographische Detailangaben
Format: Schriftenreihe
Sprache:Tschechisch
Veröffentlicht: Praha Československá akademie zemědělských věd 1962
Tags: Tag hinzufügen
Keine Tags, Fügen Sie das erste Tag hinzu!

MARC

LEADER 00000nas2a2200000 4500
001 s122044
005 20250730114209.0
041 0 |a cze 
044 |a CZ 
245 1 0 |a Socialistické zemědělství  |b časopis pro šíření vědeckých poznatků do zemědělské praxe 
264 1 |a Praha  |b Československá akademie zemědělských věd  |c 1962 
773 0 |w eu_un_cat*s124997